TOP 30 pays par PIB - Statistiques

Statistiques générales
  • Ce quiz a été pris 437 fois
  • Le résultat moyen est 25 sur 30
Statistiques - réponses
Rang PAYS PIB en milliards de dollars % Correct
1 Etats unis 26.185
100%
7 France 2.806
100%
2 Chine 21.643
99%
3 Japon 4.365
99%
4 Allemagne 4.120
98%
9 Russie 2.136
98%
8 Canada 2.326
96%
16 Espagne 1.421
96%
12 Italie 1.991
96%
6 Royaume uni 3.479
96%
10 Bresil 2.059
94%
5 Inde 3.820
93%
15 Mexique 1.476
93%
14 Australie 1.787
90%
25 Argentine 643
89%
22 Suisse 834
87%
13 Corée du sud 1.792
85%
24 Suède 653
84%
23 Pologne 753
83%
26 Belgique 596
81%
20 Turquie 941
79%
19 Arabie saoudite 996
78%
18 Pays bas 1.019
78%
17 Indonésie 1.388
74%
28 Autriche 572
68%
11 Iran 2.044
65%
27 Thailande 580
62%
30 Irlande 549
60%
29 Nigeria 571
49%
21 Taiwan 858
44%
Aucun quiz correspondant
Distribution des résultats
% des personnes avec chaque résultat
Percentile par nombre de réponses
Votre historique - résultats
Vous n’avez pas pris ce quiz